[Event "Lichtenrader Herbst 2011"]
[Site "Berlin"]
[Date "2011.10.15"]
[Round "8.8"]
[White "Welz, Peter"]
[Black "Feuerstack, Aljoscha"]
[Result "0-1"]
[WhiteElo "2133"]
[BlackElo "2424"]
[PlyCount "64"]
[EventDate "2011.??.??"]
[WhiteTeam "SV Empor Berlin e.V."]
[BlackTeam "SK Norderstedt von 1975"]

1. e4 c6 2. d4 d5 3. e5 Bf5 4. c4 e6 5. Nc3 Ne7 6. c5 b6 7. b4 a5 8. Qa4 f6 9.
f4 Kf7 10. Nf3 Be4 11. Nd2 Nf5 12. Bb2 b5 13. Bxb5 cxb5 14. Nxb5 Na6 15. bxa5
Bxc5 16. O-O Bb4 17. Nxe4 dxe4 18. Rac1 Re8 19. Rc4 Qxa5 20. Qxa5 Bxa5 21. g4
Ne3 22. Nd6+ Kg8 23. Ra4 Reb8 24. Rf2 Nc7 25. exf6 gxf6 26. Re2 Nd1 27. Nc4
Nxb2 28. Nxb2 Nd5 29. Rc2 Bc3 30. Rxa8 Rxa8 31. Nc4 Rc8 32. Kf1 Rxc4 0-1

[Event "Lichtenrader Herbst 2011"]
[Site "Berlin"]
[Date "2011.10.15"]
[Round "8.9"]
[White "Graf, Felix"]
[Black "Magnussen, Helge"]
[Result "1-0"]
[WhiteElo "2341"]
[BlackElo "2126"]
[PlyCount "69"]
[EventDate "2011.??.??"]
[WhiteTeam "FC Bayern München e.V."]
[BlackTeam "SC Wrist-Kellinghusen von 1979"]

1. d4 Nf6 2. Nf3 e6 3. e3 c5 4. Bd3 b6 5. O-O Bb7 6. c4 Be7 7. Nc3 cxd4 8. exd4
d5 9. cxd5 Nxd5 10. Ne5 O-O 11. Qg4 f5 12. Qe2 Bf6 13. Rd1 Qe7 14. Bd2 Rd8 15.
Rac1 a5 16. Nb5 Re8 17. a3 Na6 18. Nc4 Rad8 19. Ncd6 Rxd6 20. Nxd6 Qxd6 21.
Bxa6 Ba8 22. Bb5 Rd8 23. b4 axb4 24. Bxb4 Nxb4 25. axb4 Kf8 26. Bc4 Bg5 27. Ra1
Qc6 28. f3 Bf6 29. Qxe6 Qxe6 30. Bxe6 Ke7 31. Bxf5 g6 32. Ra7+ Kd6 33. Be4 Bxe4
34. fxe4 Kc6 35. e5 1-0

[Event "Lichtenrader Herbst 2011"]
[Site "Berlin"]
[Date "2011.10.15"]
[Round "8.10"]
[White "Konrad, Erhard"]
[Black "Gruzmann, Boris"]
[Result "1/2-1/2"]
[WhiteElo "2052"]
[BlackElo "2258"]
[PlyCount "135"]
[EventDate "2011.??.??"]
[WhiteTeam "SG Lasker Steglitz-Wilmersdorf"]
[BlackTeam "TuS Makkabi Berlin e.V."]

1. Nf3 g6 2. g3 Bg7 3. Bg2 d6 4. O-O Nf6 5. d3 O-O 6. e4 c5 7. c4 Nc6 8. Nc3 a6
9. h3 Rb8 10. a4 Ne8 11. Be3 Nc7 12. Qd2 Nd4 13. Bxd4 cxd4 14. Ne2 e5 15. Nh4
b5 16. cxb5 axb5 17. axb5 Rxb5 18. Ra5 Rb3 19. Ra3 Rxa3 20. bxa3 Ne6 21. Rb1
Nc5 22. Nc1 Be6 23. Bf1 Qd7 24. Kh2 Ra8 25. Ra1 Qb7 26. Ng2 f5 27. exf5 gxf5
28. f4 e4 29. Qc2 Bd5 30. Ne1 Ra5 31. a4 Qb4 32. Ng2 Rxa4 33. Rxa4 Qxa4 34.
Qxa4 Nxa4 35. g4 Nb2 36. gxf5 e3 37. Ne1 Bf6 38. Kg3 Kf8 39. Be2 Bd8 40. Bf3
Bf7 41. Nc2 Bb6 42. Kg2 Ke7 43. Kg3 Kf6 44. Nb4 Ba5 45. Nd5+ Kxf5 46. Be4+ Ke6
47. Ne2 Nxd3 48. Nxd4+ Kd7 49. Nxe3 Bd2 50. Bxd3 Bxe3 51. Nc2 Bc5 52. Bxh7 Bh5
53. Bf5+ Ke7 54. Ne1 d5 55. Nd3 Be3 56. Bg4 Be8 57. Be2 d4 58. h4 Bb5 59. Kg4
Kf6 60. Kf3 Kf5 61. Kg3 Be8 62. Bf3 Bb5 63. Be2 Bc4 64. h5 Bf7 65. Bg4+ Ke4 66.
Nc5+ Kd5 67. Nd3 Ke4 68. Nc5+ 1/2-1/2

[Event "Lichtenrader Herbst 2011"]
[Site "Berlin"]
[Date "2011.10.15"]
[Round "8.11"]
[White "Müller, Jan-Hendrik"]
[Black "Boetzer, Detlef"]
[Result "1/2-1/2"]
[WhiteElo "2100"]
[BlackElo "2286"]
[PlyCount "87"]
[EventDate "2011.??.??"]
[WhiteTeam "SK Marmstorf GW Harburg"]
[BlackTeam "SC Rotation Pankow e.V."]

1. c4 Nf6 2. g3 g6 3. Bg2 Bg7 4. Nc3 O-O 5. e4 d6 6. d3 c5 7. Nge2 Nc6 8. O-O
Ne8 9. h3 Nc7 10. f4 f5 11. Rb1 Ne6 12. a3 a5 13. Nb5 Kh8 14. Kh2 Rb8 15. Bd2
Bd7 16. Qe1 b6 17. Bc3 Ncd4 18. a4 Nxe2 19. Bxg7+ Kxg7 20. Qxe2 Bxb5 21. axb5
Nd4 22. Qe3 e6 23. e5 Qc7 24. exd6 Qxd6 25. Rbe1 Rbe8 26. Qd2 e5 27. fxe5 Rxe5
28. Rxe5 Qxe5 29. Re1 Qd6 30. Qg5 Rf6 31. Re8 h6 32. Qe3 Re6 33. Rxe6 Qxe6 34.
Qf4 h5 35. Qc7+ Kh6 36. h4 Qf6 37. Qf4+ Kg7 38. Qc7+ Kh6 39. Qf4+ g5 40. hxg5+
Qxg5 41. Qd6+ Qg6 42. Qf4+ Qg5 43. Qd6+ Qg6 44. Qf4+ 1/2-1/2

[Event "Lichtenrader Herbst 2011"]
[Site "Berlin"]
[Date "2011.10.15"]
[Round "8.13"]
[White "Kollberg, Lothar"]
[Black "Bubolz, Konstantin"]
[Result "0-1"]
[WhiteElo "2237"]
[BlackElo "2127"]
[PlyCount "48"]
[EventDate "2011.??.??"]
[WhiteTeam "SC Rotation Pankow e.V."]
[BlackTeam "SK König Tegel 1949 e.V."]

1. d4 Nf6 2. c4 e6 3. Nc3 Bb4 4. e3 b6 5. Nge2 Ne4 6. Qc2 Bb7 7. a3 Bxc3+ 8.
Nxc3 Nxc3 9. Qxc3 Qh4 10. d5 O-O 11. b4 exd5 12. Bb2 f6 13. cxd5 Bxd5 14. Qxc7
Nc6 15. Rd1 Rac8 16. Qg3 Qe4 17. Ba6 Nxb4 18. Bxc8 Nd3+ 19. Rxd3 Qxd3 20. Bxd7
Qb1+ 21. Kd2 Qxb2+ 22. Kd3 Qxa3+ 23. Kd4 Qc5+ 24. Kd3 Bc4+ 0-1

[Event "Lichtenrader Herbst 2011"]
[Site "Berlin"]
[Date "2011.10.15"]
[Round "8.14"]
[White "Kachibadze, Georg"]
[Black "Müller, Tobias"]
[Result "1-0"]
[WhiteElo "2340"]
[BlackElo "2079"]
[PlyCount "61"]
[EventDate "2011.??.??"]
[WhiteTeam "SK König Tegel 1949 e.V."]
[BlackTeam "SK Marmstorf GW Harburg"]

1. e4 c5 2. Nf3 d6 3. d4 cxd4 4. Nxd4 Nf6 5. Nc3 g6 6. Be3 Bg7 7. f3 Nc6 8. Bc4
O-O 9. Qd2 Bd7 10. O-O-O Rb8 11. Bb3 Na5 12. Bh6 Bxh6 13. Qxh6 b5 14. g4 Nxb3+
15. Nxb3 b4 16. Nd5 Nxd5 17. exd5 Qc7 18. h4 Rfc8 19. Rd2 e5 20. dxe6 Bxe6 21.
h5 Bxb3 22. hxg6 fxg6 23. axb3 Rb6 24. Qe3 Rc6 25. Qe4 Qa5 26. Qe6+ Kf8 27. Kb1
d5 28. Qe5 Kg8 29. Rxh7 Kxh7 30. Rh2+ Kg8 31. Rh8+ 1-0

[Event "Lichtenrader Herbst 2011"]
[Site "Berlin"]
[Date "2011.10.15"]
[Round "8.15"]
[White "Kluger, Carsten"]
[Black "Wendt, Jan-Dietrich"]
[Result "0-1"]
[WhiteElo "2068"]
[BlackElo "2373"]
[PlyCount "110"]
[EventDate "2011.??.??"]
[WhiteTeam "Peiner SV"]
[BlackTeam "Sfrd. Berlin 1903 e.V."]

1. Nc3 c5 2. Nf3 Nf6 3. e4 Nc6 4. g3 g6 5. Bg2 Bg7 6. d3 d5 7. O-O dxe4 8. dxe4
Qxd1 9. Rxd1 Bg4 10. Be3 Nd7 11. h3 Bxf3 12. Bxf3 O-O-O 13. Be2 Bd4 14. Bxd4
Nxd4 15. Rac1 Ne5 16. Kf1 e6 17. Nb5 Nxb5 18. Bxb5 g5 19. Be2 h5 20. Rxd8+ Kxd8
21. h4 g4 22. Rd1+ Ke7 23. Kg2 b6 24. Rd2 Rc8 25. c3 Kf6 26. b3 Rh8 27. Bb5 Ke7
28. Be2 Rh6 29. Bb5 Rf6 30. a4 Rf3 31. Rc2 Nd3 32. Bxd3 Rxd3 33. Kf1 Kf6 34.
Ke2 Rf3 35. b4 Ke5 36. bxc5 bxc5 37. Rb2 Rxc3 38. Rb7 a6 39. Rxf7 Rc4 40. Rh7
Rxe4+ 41. Kd2 Rxa4 42. Rxh5+ Kd4 43. Rh8 Ra2+ 44. Ke1 c4 45. h5 Ra1+ 46. Ke2 c3
47. Rd8+ Kc4 48. Rc8+ Kb3 49. Rb8+ Kc2 50. Rb6 Ra5 51. h6 Re5+ 52. Kf1 a5 53.
h7 Rh5 54. Rxe6 Rxh7 55. Ra6 Rh5 0-1

[Event "Lichtenrader Herbst 2011"]
[Site "Berlin"]
[Date "2011.10.15"]
[Round "8.16"]
[White "Järvinen, Rauno"]
[Black "Radovanovic, Jovica"]
[Result "1/2-1/2"]
[WhiteElo "2149"]
[BlackElo "2320"]
[PlyCount "101"]
[EventDate "2011.??.??"]
[WhiteTeam "Sfrd. Berlin 1903 e.V."]
[BlackTeam "BSC Rehberge 1945 e.V."]

1. Nc3 c5 2. e4 Nc6 3. g3 g6 4. Bg2 Bg7 5. f4 d6 6. Nf3 Bg4 7. h3 Bxf3 8. Qxf3
Nf6 9. d3 O-O 10. O-O Rb8 11. Be3 Nd7 12. g4 Nd4 13. Qf2 b5 14. f5 b4 15. Nd5
e6 16. f6 Nxf6 17. Bxd4 Nxg4 18. Bxg7 Nxf2 19. Bf6 exd5 20. Bxd8 Nxh3+ 21. Bxh3
Rfxd8 22. exd5 Kg7 23. a3 b3 24. c3 f5 25. Rae1 Re8 26. Bg2 Re5 27. d4 cxd4 28.
cxd4 Rxe1 29. Rxe1 Kf7 30. Rc1 Rb7 31. Bf1 h5 32. Rc6 Ke7 33. Ba6 Rb8 34. Rc7+
Kf6 35. Rxa7 Kg5 36. Rd7 Rb6 37. Bd3 h4 38. Rg7 Rb8 39. Rc7 Kf4 40. a4 Ra8 41.
Bb5 g5 42. Rc3 g4 43. Rxb3 Ra7 44. Ra3 h3 45. Bf1 Re7 46. Bxh3 gxh3 47. Rxh3
Rb7 48. Rh6 Rxb2 49. Rxd6 Ke4 50. a5 Ra2 51. a6 1/2-1/2

[Event "Lichtenrader Herbst 2011"]
[Site "Berlin"]
[Date "2011.10.15"]
[Round "8.17"]
[White "Postler, Reinhard"]
[Black "Jaeger, Andre"]
[Result "1-0"]
[WhiteElo "2367"]
[BlackElo "2040"]
[PlyCount "59"]
[EventDate "2011.??.??"]
[WhiteTeam "TSG Oberschöneweide e.V."]
[BlackTeam "SC Rochade e.V."]

1. e4 c5 2. Nf3 Nc6 3. d4 cxd4 4. Nxd4 Nf6 5. Nc3 e5 6. Ndb5 d6 7. Bg5 a6 8.
Na3 Be6 9. Nc4 Rc8 10. Bxf6 gxf6 11. Ne3 Nd4 12. Bd3 Rg8 13. O-O Bh6 14. Kh1 b5
15. Ncd5 f5 16. exf5 Bxd5 17. Nxd5 Qg5 18. Ne3 d5 19. g3 Rd8 20. f4 exf4 21.
gxf4 Qh4 22. Qe1 Qh3 23. Nxd5+ Kd7 24. Nf6+ Kc8 25. Nxg8 Rxg8 26. Qe4 Kb8 27.
Qe5+ Kc8 28. Qc5+ Kb8 29. Qb6+ Kc8 30. Qxa6+ 1-0

[Event "Lichtenrader Herbst 2011"]
[Site "Berlin"]
[Date "2011.10.15"]
[Round "8.18"]
[White "Pesola, Jyrki"]
[Black "Reichenbach, Werner"]
[Result "0-1"]
[WhiteElo "1933"]
[BlackElo "2310"]
[PlyCount "76"]
[EventDate "2011.??.??"]
[BlackTeam "Schachclub Oberkrämer"]

1. e4 g6 2. d4 Bg7 3. c3 d6 4. f4 Nd7 5. Nf3 b6 6. Bc4 e6 7. O-O Ne7 8. Qe1 Nf6
9. e5 Nfd5 10. exd6 Qxd6 11. Ne5 Bb7 12. Nd2 Nf6 13. Ndf3 h6 14. a4 Nfd5 15. b3
Qd8 16. Bd2 a6 17. Qe2 O-O 18. Bd3 c5 19. dxc5 bxc5 20. Rae1 Qc7 21. g4 Bc8 22.
h4 Rb8 23. Bc2 f6 24. Nxg6 Nxg6 25. Bxg6 Nxf4 26. Qe4 Nxg6 27. Qxg6 Qg3+ 28.
Kh1 Bb7 29. Re3 Rbd8 30. Be1 Qf4 31. Rxe6 Bxf3+ 32. Rxf3 Qxf3+ 33. Kg1 Rd7 34.
h5 a5 35. Re8 Qd3 36. Re4 Qf3 37. Re8 Qd3 38. Re4 Rd5 0-1

[Event "Lichtenrader Herbst 2011"]
[Site "Berlin"]
[Date "2011.10.15"]
[Round "8.19"]
[White "Grottke, Hans-Joachim"]
[Black "Zschäbitz, Klaus"]
[Result "1-0"]
[WhiteElo "2237"]
[BlackElo "2093"]
[PlyCount "97"]
[EventDate "2011.??.??"]
[WhiteTeam "SC Empor Potsdam 1952 e.V."]
[BlackTeam "BSG 1827 Eckbauer e.V."]

1. e4 e6 2. d4 d5 3. Nc3 Bb4 4. a3 Bxc3+ 5. bxc3 dxe4 6. Qg4 Nf6 7. Qxg7 Rg8 8.
Qh6 Nbd7 9. Ne2 b6 10. Bb2 Bb7 11. c4 Qe7 12. h3 c5 13. dxc5 Qxc5 14. Nd4 Rg6
15. Qd2 e3 16. Qxe3 O-O-O 17. f3 Ne5 18. Qc3 Rg3 19. O-O-O Nfd7 20. Nb3 Qe7 21.
c5 Kb8 22. Qe3 f6 23. cxb6 axb6 24. Qf4 Rgg8 25. Qb4 Qxb4 26. axb4 Bd5 27. Rd2
Kb7 28. Bb5 Bc4 29. Bxd7 Rxd7 30. Bxe5 Rxd2 31. Nxd2 Bd5 32. Bxf6 Rxg2 33. Re1
b5 34. Be5 Kc8 35. Bf4 Kd7 36. Re5 Rg7 37. Rg5 Rf7 38. Be5 Kc6 39. f4 Ra7 40.
Rg7 Rxg7 41. Bxg7 Bg2 42. h4 h5 43. c3 Kd5 44. Kc2 Kc6 45. Kd3 Bh3 46. Kd4 Kd6
47. Ne4+ Ke7 48. Kc5 Kf7 49. Ng5+ 1-0

[Event "Lichtenrader Herbst 2011"]
[Site "Berlin"]
[Date "2011.10.16"]
[Round "9.1"]
[White "Graf, Alexander"]
[Black "Böhnisch, Manfred"]
[Result "1-0"]
[WhiteElo "2628"]
[BlackElo "2289"]
[PlyCount "45"]
[EventDate "2011.??.??"]
[WhiteTeam "Schachklub König Plauen"]
[BlackTeam "Schachgemeinschaft Leipzig"]

1. d4 d5 2. c4 c6 3. Nf3 Nf6 4. Nc3 e6 5. Bg5 h6 6. Bh4 dxc4 7. e4 g5 8. Bg3 b5
9. Be2 Bb7 10. O-O Nbd7 11. d5 exd5 12. exd5 Qb6 13. Nd4 Nxd5 14. Ndxb5 Nxc3
15. Nxc3 O-O-O 16. Qc2 h5 17. h3 Qa5 18. Ne4 h4 19. Nd6+ Bxd6 20. Bxd6 f5 21.
Bxc4 Rh6 22. b4 Qb6 23. Rfd1 1-0

[Event "Lichtenrader Herbst 2011"]
[Site "Berlin"]
[Date "2011.10.16"]
[Round "9.2"]
[White "Meijers, Viesturs"]
[Black "Kalinitschew, Sergey"]
[Result "1/2-1/2"]
[WhiteElo "2471"]
[BlackElo "2420"]
[PlyCount "110"]
[EventDate "2011.??.??"]
[WhiteTeam "ESV Nickelhütte Aue"]
[BlackTeam "SC Kreuzberg e.V."]

1. Nf3 g6 2. c4 Bg7 3. Nc3 c5 4. b3 Nc6 5. Bb2 Nh6 6. h4 d6 7. h5 Bg4 8. hxg6
hxg6 9. Qc1 Bxf3 10. gxf3 Nf5 11. Rxh8+ Bxh8 12. Ne4 Kd7 13. e3 Bxb2 14. Qxb2
Qh8 15. Qxh8 Rxh8 16. f4 e6 17. a3 a5 18. Ng5 Ke7 19. Bg2 f6 20. Nf3 Nh4 21.
Nxh4 Rxh4 22. Ke2 Kd7 23. Rg1 Rh6 24. Be4 f5 25. Bf3 Kc7 26. Rd1 Rh4 27. Rg1
Rh6 28. d3 Kd7 29. Rg3 Kc7 30. Kd2 e5 31. fxe5 dxe5 32. Kc3 Ne7 33. b4 axb4+
34. axb4 b6 35. bxc5 bxc5 36. Kd2 Rh2 37. Ke2 Rh8 38. Rg1 Rb8 39. Ra1 Rb6 40.
Ra8 g5 41. Rh8 g4 42. Ba8 Rb8 43. Rxb8 Kxb8 44. Bh1 Kc7 45. f4 gxf3+ 46. Bxf3
Kd6 47. Kd2 Ng6 48. Kc3 Nh4 49. Bb7 f4 50. exf4 exf4 51. d4 Nf5 52. dxc5+ Kxc5
53. Kd3 Nd6 54. Bd5 f3 55. Bxf3 Nxc4 1/2-1/2

[Event "Lichtenrader Herbst 2011"]
[Site "Berlin"]
[Date "2011.10.16"]
[Round "9.3"]
[White "Möller, Hendrik"]
[Black "Teske, Henrik"]
[Result "1/2-1/2"]
[WhiteElo "2222"]
[BlackElo "2547"]
[PlyCount "57"]
[EventDate "2011.??.??"]
[WhiteTeam "SC Weisse Dame e.V."]
[BlackTeam "SC 1950 Remagen"]

1. c4 Nf6 2. g3 g6 3. Bg2 Bg7 4. Nc3 O-O 5. e4 c5 6. Nge2 Nc6 7. O-O a6 8. d3
Rb8 9. a4 d6 10. h3 e5 11. f4 exf4 12. Nxf4 h5 13. Be3 Ne5 14. Rb1 Nh7 15. Qd2
Nc6 16. Ncd5 b5 17. axb5 axb5 18. b4 bxc4 19. bxc5 Rxb1 20. Rxb1 cxd3 21. Rb6
Ne5 22. Rxd6 Qe8 23. Nxd3 Nc4 24. Qc1 Nxd6 25. cxd6 Kh8 26. Ne7 Bf6 27. Bh6
Bxe7 28. dxe7 Qxe7 29. Qc3+ 1/2-1/2

[Event "Lichtenrader Herbst 2011"]
[Site "Berlin"]
[Date "2011.10.16"]
[Round "9.4"]
[White "Priebe, Jan"]
[Black "Feuerstack, Aljoscha"]
[Result "0-1"]
[WhiteElo "2265"]
[BlackElo "2424"]
[PlyCount "46"]
[EventDate "2011.??.??"]
[WhiteTeam "SC Tempo Göttingen"]
[BlackTeam "SK Norderstedt von 1975"]

1. e4 c6 2. d4 d5 3. Nd2 dxe4 4. Nxe4 Bf5 5. Ng3 Bg6 6. h4 h6 7. Nf3 Nd7 8. h5
Bh7 9. Bd3 Bxd3 10. Qxd3 e6 11. Bd2 Ngf6 12. O-O-O Be7 13. Qe2 O-O 14. Ne5 Qc7
15. Ng6 Rfe8 16. Nxe7+ Rxe7 17. Rh3 Nb6 18. Ne4 Nxe4 19. Qxe4 Nc4 20. Bf4 Qa5
21. Kb1 e5 22. dxe5 Qb4 23. Qd4 Rd7 0-1

[Event "Lichtenrader Herbst 2011"]
[Site "Berlin"]
[Date "2011.10.16"]
[Round "9.6"]
[White "Bubolz, Konstantin"]
[Black "Graf, Felix"]
[Result "1/2-1/2"]
[WhiteElo "2127"]
[BlackElo "2341"]
[PlyCount "90"]
[EventDate "2011.??.??"]
[WhiteTeam "SK König Tegel 1949 e.V."]
[BlackTeam "FC Bayern München e.V."]

1. d4 e6 2. c4 Bb4+ 3. Nd2 d5 4. Qa4+ Nc6 5. Ngf3 Bd7 6. Qb3 dxc4 7. Qxc4 Nf6
8. e3 O-O 9. Bd3 Bd6 10. O-O Nb4 11. e4 a6 12. a4 b5 13. Qc3 bxa4 14. Bb1 Be7
15. Qe3 c5 16. e5 Nfd5 17. Qe4 f5 18. exf6 Nxf6 19. Qh4 cxd4 20. Nxd4 Rc8 21.
N2f3 g6 22. Bg5 Rc5 23. Re1 Rd5 24. Ne5 Bc5 25. Ndf3 Be8 26. Ng4 Nxg4 27. Bxd8
Bxf2+ 28. Qxf2 Nxf2 29. Be7 Nfd3 30. Bxf8 Nxe1 31. Bxb4 Nxf3+ 32. gxf3 Rd1+ 33.
Kf2 Bb5 34. Ke3 Rh1 35. Bd6 Kg7 36. Be5+ Kh6 37. b3 Re1+ 38. Kd4 axb3 39. f4 b2
40. Ra3 Kh5 41. Rh3+ Kg4 42. Rg3+ Kh4 43. Bf6+ Kh5 44. Rh3+ Kg4 45. Rg3+ Kh5
1/2-1/2

[Event "Lichtenrader Herbst 2011"]
[Site "Berlin"]
[Date "2011.10.16"]
[Round "9.7"]
[White "Thompson, Ian D"]
[Black "Jahnz, Fabian"]
[Result "1-0"]
[WhiteElo "2276"]
[BlackElo "2226"]
[PlyCount "107"]
[EventDate "2011.??.??"]
[WhiteTeam "Guildford"]
[BlackTeam "SK König Tegel 1949 e.V."]

1. c4 e5 2. g3 Nf6 3. Bg2 d5 4. cxd5 Nxd5 5. Nf3 Nc6 6. O-O Nb6 7. d3 Be7 8.
Nbd2 O-O 9. b3 Be6 10. Bb2 f6 11. Rc1 a5 12. a3 Qd7 13. Nc4 Nd5 14. Qc2 Rfd8
15. Rfd1 Qe8 16. d4 exd4 17. Nxd4 Nxd4 18. Rxd4 Qf7 19. e4 Nb6 20. Rxd8+ Bxd8
21. Nd2 c6 22. Bf1 Be7 23. Bd4 Nd7 24. Nc4 c5 25. Bb2 b5 26. Nd2 Rb8 27. a4 c4
28. bxc4 bxa4 29. Bc3 a3 30. Bxa5 Rb2 31. Qc3 Ne5 32. Rc2 Rxc2 33. Qxc2 Bc5 34.
Nb3 Nf3+ 35. Kg2 Nd4 36. Nxd4 Bxd4 37. Qa4 Bc5 38. Qc6 Qe7 39. Bb6 Bb4 40. Bd4
h5 41. Bd3 h4 42. f4 hxg3 43. hxg3 Qd7 44. Qxd7 Bxd7 45. Bc2 Bc6 46. Kf2 Kf7
47. Ke3 a2 48. Bb3 Be1 49. g4 Bd7 50. f5 Bh4 51. Bxa2 Ba4 52. Ke2 Ke7 53. Bc5+
Kf7 54. Bd6 1-0

[Event "Lichtenrader Herbst 2011"]
[Site "Berlin"]
[Date "2011.10.16"]
[Round "9.8"]
[White "Gaerths, Ronny"]
[Black "Postler, Reinhard"]
[Result "1/2-1/2"]
[WhiteElo "2219"]
[BlackElo "2367"]
[PlyCount "22"]
[EventDate "2011.??.??"]
[WhiteTeam "SC Kreuzberg e.V."]
[BlackTeam "TSG Oberschöneweide e.V."]

1. d4 d5 2. Bg5 c6 3. e3 Qb6 4. b3 h6 5. Bh4 Bf5 6. Nf3 e6 7. Bd3 Bxd3 8. Qxd3
Be7 9. Bxe7 Nxe7 10. O-O O-O 11. c4 c5 1/2-1/2

[Event "Lichtenrader Herbst 2011"]
[Site "Berlin"]
[Date "2011.10.16"]
[Round "9.9"]
[White "Wendt, Jan-Dietrich"]
[Black "Freyberg, Dominic"]
[Result "1-0"]
[WhiteElo "2373"]
[BlackElo "2176"]
[PlyCount "59"]
[EventDate "2011.??.??"]
[WhiteTeam "Sfrd. Berlin 1903 e.V."]
[BlackTeam "SC Rotation Pankow e.V."]

1. Nf3 Nf6 2. g3 g6 3. b3 Bg7 4. Bb2 O-O 5. Bg2 d6 6. d4 Nbd7 7. c4 c5 8. O-O
Rb8 9. Nc3 a6 10. a4 a5 11. e3 Ne8 12. Qe2 Nc7 13. Rfd1 Na6 14. Nb5 Nf6 15. h3
Bf5 16. Ne1 Be4 17. f3 Bc6 18. Nd3 b6 19. Na7 Bd7 20. f4 Qc7 21. Nb5 Qc8 22.
Kh2 Nb4 23. Nf2 Bxb5 24. axb5 d5 25. cxd5 Nfxd5 26. e4 Nf6 27. dxc5 Qxc5 28.
Rac1 Qh5 29. Bf3 Qh6 30. e5 1-0

[Event "Lichtenrader Herbst 2011"]
[Site "Berlin"]
[Date "2011.10.16"]
[Round "9.11"]
[White "Gruzmann, Boris"]
[Black "Silz, Elisa"]
[Result "1-0"]
[WhiteElo "2258"]
[BlackElo "1910"]
[PlyCount "79"]
[EventDate "2011.??.??"]
[WhiteTeam "TuS Makkabi Berlin e.V."]
[BlackTeam "SV Empor Berlin e.V."]

1. e4 c5 2. Nf3 d6 3. d4 cxd4 4. Nxd4 Nf6 5. Nc3 a6 6. f4 e5 7. Nf3 Qc7 8. a4
Nbd7 9. Bd3 Be7 10. O-O O-O 11. Kh1 b6 12. Qe1 Nc5 13. fxe5 dxe5 14. Bg5 Nxd3
15. cxd3 Bb7 16. Nh4 Nh5 17. Bxe7 Qxe7 18. Nf5 Qd8 19. Rd1 g6 20. Nh6+ Kg7 21.
Ng4 Qg5 22. Ne3 Rad8 23. Ncd5 Rd6 24. Rc1 Nf4 25. Nxf4 exf4 26. Qc3+ Rf6 27.
Nc4 Rc8 28. Qe5 Qg4 29. Rce1 Rc5 30. Qd4 Rh5 31. Ne5 Qg3 32. Nf3 g5 33. Rc1 Qg4
34. Rc7 Bc8 35. Rc6 Rhh6 36. Rxb6 Qh5 37. Rxf6 Rxf6 38. Rc1 g4 39. Rc5 Qh6 40.
Rg5+ 1-0

[Event "Lichtenrader Herbst 2011"]
[Site "Berlin"]
[Date "2011.10.16"]
[Round "9.12"]
[White "Boetzer, Detlef"]
[Black "Konrad, Erhard"]
[Result "1-0"]
[WhiteElo "2286"]
[BlackElo "2052"]
[PlyCount "171"]
[EventDate "2011.??.??"]
[WhiteTeam "SC Rotation Pankow e.V."]
[BlackTeam "SG Lasker Steglitz-Wilmersdorf"]

1. c4 e6 2. Nc3 f5 3. Nf3 Nf6 4. g3 d5 5. d4 c6 6. Bg2 Bd6 7. b3 O-O 8. O-O
Nbd7 9. c5 Bc7 10. Bf4 Bxf4 11. gxf4 Ne4 12. Qc2 Ndf6 13. Ne5 Bd7 14. Nd1 Nh5
15. f3 Nef6 16. e3 Be8 17. Nf2 Nd7 18. Nfd3 Kh8 19. Kh1 Rf6 20. Qf2 Rh6 21. Rg1
Qe7 22. Bf1 Bf7 23. Be2 Rg8 24. Rg5 Be8 25. Rag1 Nhf6 26. Qe1 Nxe5 27. Nxe5 Nd7
28. Nd3 a6 29. Qa5 Nf8 30. a4 Rh5 31. Qe1 Rh6 32. Qg3 Ng6 33. Kg2 Nf8 34. Kf1
Nd7 35. Ke1 Rg6 36. Rxg6 Bxg6 37. Qg5 Qd8 38. Qxd8 Rxd8 39. Kd2 a5 40. Rb1 Ra8
41. b4 axb4 42. Rxb4 Ra7 43. Kc3 Kg8 44. Rb2 Kf8 45. Ra2 Ke7 46. a5 Kd8 47. Kb4
Kc7 48. Ra1 Ra8 49. Rg1 Rg8 50. h4 Bf7 51. Ka4 g6 52. Nb4 Ra8 53. Ra1 Nb8 54.
Nd3 Nd7 55. Kb4 Be8 56. Nf2 Bf7 57. Nh3 Nf6 58. Bd3 Bg8 59. Ng1 Bf7 60. Ne2 Be8
61. Rg1 Bf7 62. Nc3 Rd8 63. Na4 Nd7 64. Ra1 Ra8 65. Nb6 Rb8 66. Ka4 Be8 67. Rg1
Bf7 68. Rg2 Be8 69. h5 Kd8 70. hxg6 Bxg6 71. Kb4 Nxb6 72. cxb6 Ra8 73. Ra2 Kd7
74. Kc5 Be8 75. a6 Kc8 76. Kd6 bxa6 77. Bxa6+ Kb8 78. Kc5 Bd7 79. b7 Rxa6 80.
Rxa6 Kxb7 81. Ra2 Be8 82. Kd6 Bf7 83. Rb2+ Kc8 84. Kxc6 h5 85. Kd6 Bg8 86. Rg2
1-0

[Event "Lichtenrader Herbst 2011"]
[Site "Berlin"]
[Date "2011.10.16"]
[Round "9.13"]
[White "Hein, Carsten"]
[Black "Grottke, Hans-Joachim"]
[Result "1-0"]
[WhiteElo "2178"]
[BlackElo "2237"]
[PlyCount "53"]
[EventDate "2011.??.??"]
[WhiteTeam "Potsdamer SV Mitte e.V."]
[BlackTeam "SC Empor Potsdam 1952 e.V."]

1. d4 d5 2. Nf3 Nf6 3. Bf4 c5 4. c3 e6 5. e3 Nc6 6. Bd3 Bd6 7. Bg3 Qe7 8. Ne5
Bxe5 9. dxe5 Nd7 10. f4 c4 11. Bc2 Nc5 12. b4 cxb3 13. axb3 b6 14. b4 Nd7 15.
Na3 f5 16. Nb5 O-O 17. O-O a6 18. Nd6 Ra7 19. Nxf5 exf5 20. Qxd5+ Kh8 21. Qxc6
Bb7 22. Qc4 Raa8 23. Rad1 Rac8 24. Qd4 Bc6 25. Qd6 Qxd6 26. Rxd6 Bb5 27. Bd3
1-0

[Event "Lichtenrader Herbst 2011"]
[Site "Berlin"]
[Date "2011.10.16"]
[Round "9.14"]
[White "Schnabel, Ralf"]
[Black "Müller, Jan-Hendrik"]
[Result "1-0"]
[WhiteElo "2241"]
[BlackElo "2100"]
[PlyCount "133"]
[EventDate "2011.??.??"]
[WhiteTeam "ESV Nickelhütte Aue"]
[BlackTeam "SK Marmstorf GW Harburg"]

1. e4 e6 2. d4 d5 3. Nd2 c5 4. exd5 Qxd5 5. Ngf3 cxd4 6. Bc4 Qd6 7. O-O Nf6 8.
Nb3 Nc6 9. Nbxd4 Nxd4 10. Qxd4 Bd7 11. Be3 Rc8 12. Bb3 Qxd4 13. Bxd4 Bc5 14.
Rad1 Ke7 15. Ne5 Rhd8 16. f4 Be8 17. Bxc5+ Rxc5 18. Rxd8 Kxd8 19. c3 Ke7 20.
Re1 Nd7 21. Nd3 Ra5 22. Nb4 Nb6 23. a3 Rf5 24. g3 a5 25. Nd3 Ba4 26. Ba2 Bc2
27. Ne5 g5 28. Nxf7 Kxf7 29. Rxe6 Nd5 30. Re2 Bd1 31. Rd2 Bf3 32. g4 Bxg4 33.
Rxd5 Kf6 34. fxg5+ Kxg5 35. b4 axb4 36. axb4 Kf4 37. Kf2 Rf6 38. Bb1 Rh6 39.
Rd4+ Kg5 40. Kg2 Rh3 41. Bd3 Re3 42. c4 h5 43. c5 h4 44. b5 Be2 45. Bc4 Re7 46.
Kf2 Bxc4 47. Rxc4 Re5 48. c6 bxc6 49. bxc6 Re8 50. c7 Rc8 51. Kf3 Kf5 52. h3
Ke6 53. Kg4 Kd7 54. Kxh4 Rh8+ 55. Kg5 Kc8 56. h4 Rg8+ 57. Kh6 Rg1 58. h5 Rg8
59. Kh7 Rg1 60. h6 Rg2 61. Rc6 Re2 62. Kg7 Re7+ 63. Kg6 Re1 64. h7 Rg1+ 65. Kf7
Rf1+ 66. Kg7 Rg1+ 67. Rg6 1-0

[Event "Lichtenrader Herbst 2011"]
[Site "Berlin"]
[Date "2011.10.16"]
[Round "9.15"]
[White "Stahr, Ralf-Peter"]
[Black "Gebigke, Martin"]
[Result "1-0"]
[WhiteElo "2101"]
[BlackElo "2191"]
[PlyCount "75"]
[EventDate "2011.??.??"]
[WhiteTeam "ESV Lok Raw Cottbus e.V."]
[BlackTeam "SV Berolina Mitte e.V."]

1. c4 e5 2. Nc3 Nf6 3. Nf3 Nc6 4. e3 Bb4 5. Nd5 Be7 6. d4 d6 7. Nxe7 Qxe7 8.
dxe5 dxe5 9. Be2 O-O 10. Bd2 Ne4 11. Qb3 Rd8 12. Rd1 Nc5 13. Qc3 Bf5 14. O-O
Bd3 15. Bxd3 Rxd3 16. Qc1 Rd6 17. Bc3 Nd3 18. Qb1 e4 19. Ne1 Rad8 20. Nxd3 exd3
21. Rd2 Qe4 22. b3 Rg6 23. g3 h5 24. Qe1 Re6 25. h4 Ne5 26. Bxe5 Rxe5 27. Qd1
Rd6 28. Kh2 Rf5 29. a3 Rf3 30. c5 Rd5 31. Qc1 c6 32. Rg1 Qf5 33. Kg2 Rxc5 34.
Qd1 Rc2 35. Rxc2 Rxg3+ 36. fxg3 dxc2 37. Qd2 Qe4+ 38. Kh2 1-0

[Event "Lichtenrader Herbst 2011"]
[Site "Berlin"]
[Date "2011.10.16"]
[Round "9.16"]
[White "Hjort, Helge"]
[Black "Dimitrijeski, Kristian"]
[Result "0-1"]
[WhiteElo "1906"]
[BlackElo "2188"]
[PlyCount "78"]
[EventDate "2011.??.??"]
[WhiteTeam "Hendon London"]
[BlackTeam "SK König Tegel 1949 e.V."]

1. d4 d5 2. c4 c6 3. cxd5 cxd5 4. Nc3 e5 5. e3 e4 6. f4 Nc6 7. a3 Nf6 8. b4 a6
9. g3 Be7 10. Nh3 Bg4 11. Qd2 Bf3 12. Bg2 Bxg2 13. Qxg2 Rc8 14. Qb2 Qb6 15. Nf2
O-O 16. O-O Na7 17. Bd2 Nb5 18. Rfc1 Nd6 19. Qb3 Rfd8 20. Rc2 Nb5 21. Rac1 Nxc3
22. Rxc3 Rc6 23. Rxc6 bxc6 24. Qc3 Rc8 25. Rc2 Ne8 26. g4 Nd6 27. f5 g6 28.
fxg6 fxg6 29. Nh3 Nc4 30. Be1 Qc7 31. Nf4 Qd7 32. Rg2 g5 33. Nh5 Rf8 34. h3 Bd6
35. Rf2 Rxf2 36. Bxf2 Qf7 37. a4 Qf3 38. b5 Qxh3 39. Nf6+ Kf7 0-1